| 000 | 00742nam a22002657a 4500 | ||
|---|---|---|---|
| 003 | OSt | ||
| 005 | 20140310181928.0 | ||
| 008 | 130720t xxu||||| |||| 00| 0 eng d | ||
| 020 | _a9717174113X | ||
| 050 |
_aBV 4510 _b.B534S 1999 |
||
| 082 |
_aTR 268 _bB35 1998 |
||
| 100 |
_aBerry, Sharon R. _92468 |
||
| 245 |
_aSurvival quest : _bfourth year high school _cSharon R. Berry, Ph.D., and Ollie E. Gibbs, Ed.D. |
||
| 260 |
_aMakati City : _bLife Way, _cc1998. |
||
| 300 |
_aiv., 204 p. _c23 cm. |
||
| 521 | _aFaculty | ||
| 541 | _j1 | ||
| 541 | _j1 | ||
| 541 | _j1 | ||
| 541 | _j1 | ||
| 562 | _b4 | ||
| 600 |
_aGibbs, Ollie E. _92469 |
||
| 650 |
_aChristian education _92466 |
||
| 942 |
_2lcc _cBK-TR _kTR |
||
| 999 |
_c7243 _d7243 |
||